Normal view MARC view

Entry Corporate Name

Number of records used in: 1

001 - CONTROL NUMBER

  • control field: 308774

003 - CONTROL NUMBER IDENTIFIER

  • control field: DLC

005 - DATE AND TIME OF LATEST TRANSACTION

  • control field: 20251203104654.0

008 - FIXED-LENGTH DATA ELEMENTS

  • fixed length control field: 850408n| azannabbn |a ana

010 ## - LIBRARY OF CONGRESS CONTROL NUMBER

  • LC control number: n 85017147

035 ## - SYSTEM CONTROL NUMBER

  • System control number: (OCoLC)oca01303142

040 ## - CATALOGING SOURCE

  • Original cataloging agency: DLC
  • Language of cataloging: eng
  • Description conventions: rda
  • Transcribing agency: DLC
  • Modifying agency: DLC
  • Modifying agency: NjP
  • Modifying agency: DLC
  • Modifying agency: NIC
  • Modifying agency: AzTeS
  • Modifying agency: NNC
  • Modifying agency: PU
  • Modifying agency: MnU
  • Modifying agency: FU

046 ## - SPECIAL CODED DATES

  • Start period: 1980
  • End period: 2008
  • Source of date scheme: edtf

110 2# - HEADING--CORPORATE NAME

  • Corporate name or jurisdiction name as entry element: Aedes Galerie für Architektur und Raum

370 ## - ASSOCIATED PLACE

  • Place of residence/headquarters: Berlin (Germany)
  • Source of term: naf

377 ## - ASSOCIATED LANGUAGE

  • Language code: ger

410 2# - SEE FROM TRACING--CORPORATE NAME

  • Corporate name or jurisdiction name as entry element: Galerie Aedes

410 2# - SEE FROM TRACING--CORPORATE NAME

  • Corporate name or jurisdiction name as entry element: Aedes Galerie und Architekturforum

410 2# - SEE FROM TRACING--CORPORATE NAME

  • Corporate name or jurisdiction name as entry element: Aedes-Architekturforum

410 2# - SEE FROM TRACING--CORPORATE NAME

  • Corporate name or jurisdiction name as entry element: Aedes West

410 2# - SEE FROM TRACING--CORPORATE NAME

  • Corporate name or jurisdiction name as entry element: Galerie Aedes West

410 2# - SEE FROM TRACING--CORPORATE NAME

  • Corporate name or jurisdiction name as entry element: Architecture Forum Aedes (Berlin, Germany)

410 2# - SEE FROM TRACING--CORPORATE NAME

  • Corporate name or jurisdiction name as entry element: Aedes Architecture Forum (Berlin, Germany)

500 1# - SEE ALSO FROM TRACING--PERSONAL NAME

  • Control subfield: r
  • Relationship information: Founder:
  • Personal name: Feireiss, Kristin

500 1# - SEE ALSO FROM TRACING--PERSONAL NAME

  • Control subfield: r
  • Relationship information: Founder:
  • Personal name: Commerell, Hans Jürgen

510 2# - SEE ALSO FROM TRACING--CORPORATE NAME

  • Control subfield: b
  • Corporate name or jurisdiction name as entry element: AedesLand (Berlin, Germany)

510 2# - SEE ALSO FROM TRACING--CORPORATE NAME

  • Corporate name or jurisdiction name as entry element: Aedes East (Berlin, Germany)

510 2# - SEE ALSO FROM TRACING--CORPORATE NAME

  • Corporate name or jurisdiction name as entry element: Aedes am Pfefferberg (Berlin, Germany)

670 ## - SOURCE DATA FOUND

  • Source citation: In memoriam Kongresshalle Berlin, c1980:
  • Information found: t.p. (Aedes Galerie für Architektur und Raum) verso of t.p. (Galerie Aedes)

670 ## - SOURCE DATA FOUND

  • Source citation: Julius Posener, c1989:
  • Information found: colophon (Aedes Galerie und Architekturforum) p. 3 (Aedes-Architekturforum; S-Bahnbogen 600, 1000 Berlin 2)

670 ## - SOURCE DATA FOUND

  • Source citation: Beiträge für Deutschland und andere Projekte, 1997:
  • Information found: t.p. (Aedes West) p. 4 of cover (Galerie Aedes West)

670 ## - SOURCE DATA FOUND

  • Source citation: Aedes website (English), Nov. 1, 2007:
  • Information found: About Aedes page (Architecture Forum Aedes; founded 1980; in 1995 another branch was opened as Aedes East) Aedes Pfefferberg page (In June 2006 Aedes East moved to Pfefferberg, a former brewery, and opened as Aedes am Pfefferberg)

670 ## - SOURCE DATA FOUND

  • Source citation: Aedes, WWW home page, viewed Apr. 4, 2008:
  • Information found: AedesLand (Aedes West, the original Aedes gallery for architecture on Savignyplatz [Berlin, Germany], will turn into AedesLand, the world's first exhibition platform for landscape architecture)

670 ## - SOURCE DATA FOUND

  • Source citation: ANCB The Aedes Metropolitan Laboratory, 2019, pamphlet viewed online on the ANCB web site, March 5, 2020:
  • Information found: page 3 (founders in 1980 of the Aedes Architecture Forum, Kristin Feireiss and Hans-Jürgen Commerell)
  • Uniform Resource Identifier: https://www.ancb.de/download/ANCB_Brochure.pdf

670 ## - SOURCE DATA FOUND

  • Source citation: Good vibrations, 2022:
  • Information found: page 2 of cover Good Vibrations (Aedes Architecture Forum...Christineenstrasse 18-19 10119 Berlin)

675 ## - SOURCE DATA NOT FOUND

  • Source citation: Int'l dir. of arts, 1991/92
  • Source citation: 79 KW., c2007: t.p. (AedesLand)